000 00858cam a22002897a 4500
003 CHAP
005 20220329133949.0
008 971013c19601956 r 00010 d
010 _a13321
011 _a14293
035 _a18366
040 _cCHAP
082 _a658
_bG65
100 0 0 _aGómez Monfín, Joaquín.
_949815
245 1 3 _aEl control interno en los negocios
250 _a2 ed.
260 _aMéxico, D.F. :
_bFondo de Cultura Económica,
_c1960 (c.1956)
300 _a180 p.
590 _aBATCH-UPD
_b10
_c20130110
_lUCH01
_h1146
590 _aBATCH-UPD
_b10
_c20130410
_lUCH01
_h0732
590 _aBATCH-UPD
_b10
_c20130913
_lUCH01
_h1940
590 _aCONVERSION
_b10
_c20130109
_lUCH01
_h1309
650 1 4 _aAdministración de empresas.
_9922
901 _aBK
942 _cLIBRO
949 _a658 G65
_bBC
_cBPA
_d-42887
_eBPA
_h25104
_i18366
_mD
_si
999 _c13321
_d13321